000 00490nam a22001817a 4500
005 20230419112422.0
008 230419b ||||| |||| 00| 0 eng d
040 _cAL
041 _aEnglish
082 _223
_a310/81
_bNANS
100 _aM Nanjammanni
_990481
245 _aStudy of Indian Society
260 _aMysore
_bJyothi Keerti Publishers
_c1979
300 _ax,265 p.
_bHB
_c20.5x13 cm.
650 _aIndian Society
_990482
700 _aNANJAMMANNI (M)
_990483
942 _2ddc
_cBB
999 _c227208
_d227208